000 00572cam a22002051 4500
001 ne 68003507
003 DLC
005 20260227111847.0
008 080207s1955 xx 000 0 ara
010 _ane 68003507
040 _aDLC
_cDLC
_dDLC
050 0 0 _aPJ6151.I173
_bI2 1955
100 1 _aIbn al-Ḥājib, ʻUthmān ibn ʻUmar,
_d1175-1249.
245 1 0 _aKāfiyah.
260 _a1375 [1955 or 6]
300 _a128 p.
_c29 cm.
500 _aReproduced from MS. copy.
500 _aMarginal and interlinear notes in Arabic.
650 0 _aArabic language
_xSyntax.
999 _c50787
_d50787